000 00840nam a22002057a 4500
999 _c296
_d296
003 AR-CdUCM
008 190222b ||||| |||| 00| 0 spa d
040 _aMUNICIPALIDAD PROVINCIAL DEL CUSCO
_cBIBLIOTECA MUNICIPAL DEL CUSCO
082 _a985.14 /
_bR32
100 _aRebaza, Nicolás
_91230
245 _aAnales del departamento de La Libertad en la guerra de la independencia /
260 _aLima :
_bFondo del libro del banco industrial del Perú,
_c1989.
300 _a373 páginas ;
_c21 cm.
505 _aPronunciamiento de Trujillo por la Independencia -- Vindicación del intendente marques de Torre Tagle -- Formalidades con que se hizo -- Primera bandera del Perú independiente ...
650 _aPerú.
_935
650 _aTrujillo.
_9297
650 _aIndependencia.
_9625
942 _2ddc
_cLIBROS
945 _amvr
_d2019-02-22